| 000 | 00460pab a2200181 454500 | ||
|---|---|---|---|
| 008 | 180718b2009 xxu||||| |||| 00| 0 eng d | ||
| 100 | _aHemanshu Kumar | ||
| 245 | _aMapping Indian districts across census years, 1971-2001 | ||
| 260 | _c2009 | ||
| 300 | _ap.69-73. | ||
| 362 | _a10 Oct | ||
| 650 | _aDistricts - India | ||
| 650 | _aDistricts | ||
| 700 | _aSomanathan, Rohini | ||
| 773 | _aEconomic and Political Weekly | ||
| 908 | _aN | ||
| 909 | _a84002 | ||
| 999 |
_c84002 _d84002 |
||